Jewish Languages - Statistics

General Stats
  • This quiz has been taken 1,622 times
    1,604 since last reset
  • The average score is 4 of 10
Answer Stats
Language % Correct
Hebrew
97%
Yiddish
91%
Ladino
50%
Judeo-Arabic
49%
Aramaic
45%
Yevanic
20%
Jidi
8%
Bukhori
5%
Jukhuri
5%
Judeo-Malayalam
4%
No matching quizzes found
Score Distribution
Percent of People with Each Score
Percentile by Number Answered
Your Score History
You have not taken this quiz since the last reset